Kites : a practical handbook for the modern kite flyer

Bibliographic Details
Main Author: MOULTON, Ron
Other Authors: LLOYD, Ron
Format: Book
Published: England : Argus House , 1992
Subjects:

MARC

LEADER 00000cam a2200000 7i4500
001 0000000902
002 000001006
005 20000330.0
020 |a 185486050 
090 0 0 |a 796.15   |b MOU 
100 1 |a MOULTON, Ron 
245 1 0 |a Kites :   |b a practical handbook for the modern kite flyer   |c Ron Moulton and Pat Lloyd 
260 |a England :   |b Argus House ,   |c 1992 
300 |a 255p ;   |c 23cm. 
650 0 0 |a Kites 
700 1 |a LLOYD, Ron 
999 |a 029636   |b BUKU   |c PINJAMAN   |e PERPUSTAKAAN KOMUNITI PETALING JAYA